000 00921nas a2200289 4500
001 BR2012007648
003 BR-BrBNA
005 20231205121302.0
007 ta
008 230509b bl.|||p| |||| 00| 00por d
040 _aBR-BrBNA
_bpor
_cBiblioteca Nacional de Agricultura
041 _a(Pt)
072 _aP32
100 1 _aCastro, J.C. de
100 1 _aValença, L.M.M.
100 1 _aNeumann, V.H.
245 1 _aCiclos e sequências deposicionais das formações Rio da Batateira e Santana (Andar Alagoas), Bacia do Araripe, Brasil
650 _aGEOLOGIA
650 _aGEOMORFOLOGIA
650 _aBACIA HIDROGRÁFICA
650 _aESTRATIGRAFIA
650 _aSEDIMENTO
650 _aNORDESTE
773 0 _tGeociências - Universidade Estadual Paulista (Brazil)
_xISSN 0101-9082
_g(Jul-Sep 2006), v. 25(3) p. 289-296
_wBR2012007648
909 _a202311
_bLúcia
_c55
_dLúcia Elande
942 _2AGRIS
_n0
_cANA
999 _c222749
_d222749